| 000 | 00458nam a2200169 a 4500 | ||
|---|---|---|---|
| 001 | 34141 | ||
| 005 | 20180714002220.0 | ||
| 008 | 140415s1974 000 0 spa d | ||
| 020 | _a8473440692 | ||
| 041 | _aspa | ||
| 082 |
_a261.873 _bMUÑ |
||
| 100 | 1 | _aMUÑIZ VEGA, GONZALO | |
| 245 | 1 | 4 |
_aLOS OBJETORES DE CONCIENCIA : _b¨DELINCUENTES O MARTIRES? |
| 260 |
_a[s.l.] : _bSPEIRO, _c1974 |
||
| 300 | _a186 | ||
| 650 | 1 | 4 | _aGUERRA Y RELIGION |
| 999 |
_c34141 _d34141 |
||